[Event "29th Czech Rapid G1 2018"]
[Site "Pardubice CZE"]
[Date "2018.07.19"]
[Round "8.54"]
[White "Kutynec, Vladimir"]
[Black "Brejnik, Gustav"]
[Result "1-0"]
[WhiteTitle "IM"]
[WhiteElo "2273"]
[BlackElo "2134"]
[WhiteFideId "4119843"]
[BlackFideId "362662"]
[EventDate "2018.07.18"]

1. Nf3 Nf6 2. c4 e6 3. g3 d5 4. d4 Be7 5. Bg2 O-O 6. O-O dxc4 7. Ne5 c5 8. dxc5
Bxc5 9. Qc2 Nbd7 10. Nxc4 Qe7 11. Nc3 Rb8 12. Na4 b6 13. Nxc5 Qxc5 14. Bf4 e5
15. Be3 Qc7 16. Rac1 Bb7 17. Bxb7 Qxb7 18. Nd6 Qd5 19. Rfd1 Qe6 20. Qc4 Qh3 21.
f3 e4 22. Bf4 exf3 23. exf3 Nh5 24. Nxf7 Rxf7 25. Bxb8 g6 26. Qc8+ Kg7 27. Qc3+
Kh6 28. Qe3+ Kg7 29. Be5+ Nxe5 30. Qxe5+ Kh6 31. Rd3 b5 32. Rc7 Rxc7 33. Qxc7
Qf5 34. Qc1+ Kg7 35. Qc3+ Nf6 36. Re3 Kf7 37. Qe5 Qb1+ 38. Re1 1-0

[Event "29th Czech Rapid G1 2018"]
[Site "Pardubice CZE"]
[Date "2018.07.19"]
[Round "8.55"]
[White "Nehyba, Martin"]
[Black "Roenko, Artur"]
[Result "1-0"]
[WhiteElo "2163"]
[BlackElo "2162"]
[WhiteFideId "377074"]
[BlackFideId "14136732"]
[EventDate "2018.07.18"]

1. e4 e6 2. d4 d5 3. Nc3 Bb4 4. e5 c5 5. a3 Bxc3+ 6. bxc3 Ne7 7. Qg4 cxd4 8.
Qxg7 Rg8 9. Qxh7 Qc7 10. Ne2 Nbc6 11. f4 dxc3 12. h4 Bd7 13. h5 O-O-O 14. Qd3 d4
15. Rb1 Nf5 16. Rg1 Nh6 17. Nxd4 Nxd4 18. Qxd4 Bb5 19. Qxa7 Bxf1 20. Rxf1 Rxg2
21. Rf3 Qc6 22. Qa8+ Kc7 23. Rxb7+ 1-0

[Event "29th Czech Rapid G1 2018"]
[Site "Pardubice CZE"]
[Date "2018.07.19"]
[Round "8.56"]
[White "Mitra, Roman C"]
[Black "Chubar, Vladimir"]
[Result "1-0"]
[BlackTitle "IM"]
[WhiteElo "2104"]
[BlackElo "2016"]
[WhiteFideId "419540"]
[BlackFideId "14101491"]
[EventDate "2018.07.18"]

1. e4 e6 2. Qe2 d5 3. exd5 Qxd5 4. Nf3 Nf6 5. d4 Nc6 6. c4 Bb4+ 7. Bd2 Bxd2+ 8.
Qxd2 Qd6 9. Be2 O-O 10. O-O Bd7 11. Nc3 a6 12. Rad1 Rad8 13. Rfe1 Bc8 14. Qc1 h6
15. Bd3 Kh8 16. Bb1 Rfe8 17. a3 Qf8 18. b4 Nb8 19. Qc2 g6 20. Ne5 Nbd7 21. Re3
Nxe5 22. dxe5 Rxd1+ 23. Qxd1 Nd7 24. c5 Rd8 25. Qe2 Qg7 26. h4 h5 27. f4 Nf8 28.
Be4 Rd4 29. Rd3 Rxd3 30. Qxd3 f6 31. Qd8 Bd7 32. exf6 Qf7 33. Bxb7 Bb5 34. Ne4
Qe8 35. Qxc7 Qd7 36. Qxd7 Nxd7 37. c6 Nb6 38. c7 Bd7 39. Nd6 1-0

[Event "29th Czech Rapid G1 2018"]
[Site "Pardubice CZE"]
[Date "2018.07.19"]
[Round "8.57"]
[White "Petr, Jan1"]
[Black "Pavlicek, Lukas"]
[Result "1-0"]
[WhiteElo "2099"]
[BlackElo "1819"]
[WhiteFideId "305154"]
[BlackFideId "373001"]
[EventDate "2018.07.18"]

1. f4 g6 2. Nf3 Bg7 3. e4 d6 4. Nc3 Nf6 5. Bc4 O-O 6. O-O c6 7. Bb3 b5 8. a3 a6
9. d4 Bb7 10. e5 dxe5 11. fxe5 Nd5 12. Ne4 h6 13. Qe1 e6 14. Bd2 Nd7 15. Rd1 a5
16. Qg3 a4 17. Ba2 Ba6 18. Qh3 h5 19. Nfg5 b4 20. Rf2 Ne7 21. g4 b3 22. cxb3 f5
23. Nxe6 hxg4 24. Qh4 Qb6 25. N4g5 1-0

[Event "29th Czech Rapid G1 2018"]
[Site "Pardubice CZE"]
[Date "2018.07.19"]
[Round "8.58"]
[White "Zarovs, Aleksandrs"]
[Black "Gorbatenko, Alexander"]
[Result "0-1"]
[WhiteElo "1836"]
[BlackElo "2049"]
[WhiteFideId "11604425"]
[BlackFideId "4145976"]
[EventDate "2018.07.18"]

1. e4 c5 2. Nf3 g6 3. d4 cxd4 4. Nxd4 Nc6 5. Nc3 Bg7 6. Be3 Nf6 7. Bc4 O-O 8.
Bb3 a5 9. a4 Ng4 10. Qxg4 Nxd4 11. Qd1 Nxb3 12. cxb3 d6 13. O-O Ra6 14. Rc1 Be6
15. f4 f5 16. Nd5 Rc6 17. Rxc6 bxc6 18. Bb6 Qd7 19. Nc3 fxe4 20. Nxe4 Qb7 21.
Bxa5 Qa7+ 22. Kh1 Qxa5 23. Ng5 Bd5 24. Qe2 Bf6 25. Ne4 Bxe4 26. Qxe4 Qd5 27. Qc2
Rb8 28. f5 Kg7 29. fxg6 hxg6 30. Rd1 Qxb3 0-1

[Event "29th Czech Rapid G1 2018"]
[Site "Pardubice CZE"]
[Date "2018.07.19"]
[Round "8.59"]
[White "Zdrazil, Jan"]
[Black "Pacl, Vaclav"]
[Result "1/2-1/2"]
[BlackTitle "FM"]
[WhiteElo "1953"]
[BlackElo "2070"]
[WhiteFideId "334537"]
[BlackFideId "302031"]
[EventDate "2018.07.18"]

1. e4 c6 2. d4 d5 3. exd5 cxd5 4. c4 Nf6 5. Nc3 g6 6. Qb3 Bg7 7. cxd5 O-O 8. g3
Nbd7 9. Bg2 Nb6 10. Nge2 Bf5 11. Be3 Bd3 12. d6 exd6 13. O-O Bc4 14. Qd1 Nbd5
15. Bg5 h6 16. Nxd5 hxg5 17. Ne3 Ba6 18. Re1 Qa5 19. Qb3 Rac8 20. Nc3 g4 21. Qd1
Qh5 22. Ned5 Nxd5 23. Nxd5 Rc4 24. Nf4 Qg5 25. Qb3 Rxd4 26. Be4 Be5 27. Bxg6
Bxf4 28. Bxf7+ Rxf7 29. Re8+ Kg7 30. gxf4 Rdxf4 31. Qc3+ Qf6 32. Qc8 Kg6 33.
Rae1 Bc4 34. R1e6 Bxe6 35. Rxe6 1/2-1/2

[Event "29th Czech Rapid G1 2018"]
[Site "Pardubice CZE"]
[Date "2018.07.19"]
[Round "8.60"]
[White "Maslak, Alexander"]
[Black "Kusa, Jakub"]
[Result "1-0"]
[WhiteElo "2154"]
[BlackElo "2061"]
[WhiteFideId "4130871"]
[BlackFideId "395595"]
[EventDate "2018.07.18"]

1. e4 e5 2. Nf3 Nc6 3. Bb5 a6 4. Ba4 Nf6 5. O-O Nxe4 6. d4 b5 7. Bb3 d5 8. dxe5
Be6 9. c3 Bc5 10. Qe2 O-O 11. Be3 Qe7 12. Nbd2 Bxe3 13. Qxe3 Nc5 14. Nd4 Na5 15.
Bc2 Nd7 16. b4 Nc4 17. Nxc4 bxc4 18. f4 f5 19. exf6 Rxf6 20. f5 Raf8 21. fxe6 c5
22. bxc5 Nxc5 23. Rxf6 Qxf6 24. Re1 Nd3 25. Bxd3 cxd3 26. e7 Re8 27. Qxd3 Rxe7
28. Rxe7 Qxe7 29. Qe2 Qd8 30. Qxa6 Qb8 31. Qe6+ Kh8 32. Qxd5 Qb1+ 33. Kf2 Qb2+
34. Ne2 Qb6+ 35. Qd4 Qb8 36. g3 h5 37. c4 Kh7 38. Qd5 Qb6+ 39. c5 Qf6+ 40. Qf3
Qe7 41. Qxh5+ 1-0

[Event "29th Czech Rapid G1 2018"]
[Site "Pardubice CZE"]
[Date "2018.07.19"]
[Round "8.61"]
[White "Vykydal, Frantisek"]
[Black "Straka, Vojtech"]
[Result "0-1"]
[WhiteTitle "CM"]
[WhiteElo "2089"]
[BlackElo "1977"]
[WhiteFideId "301744"]
[BlackFideId "377759"]
[EventDate "2018.07.18"]

1. e4 c6 2. g3 d5 3. Bg2 dxe4 4. Bxe4 Nf6 5. Bg2 g6 6. d4 Bg7 7. Ne2 O-O 8. O-O
Re8 9. h3 Nbd7 10. Nbc3 Nb6 11. Bg5 Nbd5 12. Nxd5 cxd5 13. c3 b6 14. Nf4 e6 15.
Re1 h6 16. Bxf6 Bxf6 17. Nd3 Ba6 18. Ne5 Rc8 19. Qa4 Bxe5 20. Rxe5 Bc4 21. Rae1
a5 22. b3 Ba6 23. R5e3 Re7 24. Qa3 Rec7 25. Qb2 Qd7 26. Qd2 Kg7 27. f4 b5 28.
Bf1 Qd6 29. a4 bxa4 30. Bxa6 Qxa6 31. bxa4 Qc4 32. g4 Qb3 33. f5 Rxc3 34. fxe6
fxe6 35. Kg2 Rxe3 36. Rxe3 Rc2 37. Rxb3 Rxd2+ 38. Kf3 Rxd4 39. Rb6 Kf6 40. h4
Rxa4 41. g5+ hxg5 42. hxg5+ Kf5 43. Ke3 Re4+ 0-1

[Event "29th Czech Rapid G1 2018"]
[Site "Pardubice CZE"]
[Date "2018.07.19"]
[Round "8.62"]
[White "Vokoun, Jan"]
[Black "Trost, Martin"]
[Result "1-0"]
[WhiteTitle "FM"]
[WhiteElo "2124"]
[BlackElo "1838"]
[WhiteFideId "301647"]
[BlackFideId "1710737"]
[EventDate "2018.07.18"]

1. Nf3 Nf6 2. c4 e6 3. b3 Be7 4. Bb2 O-O 5. g3 d5 6. Bg2 c5 7. cxd5 exd5 8. d4
Nc6 9. O-O Re8 10. dxc5 Bxc5 11. Nc3 Bg4 12. Na4 Bf8 13. Rc1 Qe7 14. Re1 Rad8
15. Nd4 Rc8 16. Nxc6 bxc6 17. Qc2 Bh5 18. Nc5 Bg6 19. Qd2 Ne4 20. Nxe4 Bxe4 21.
Bxe4 Qxe4 22. Rc2 Bb4 23. Bc3 Bxc3 24. Rxc3 d4 25. Rc4 c5 26. b4 Qd5 27. Rec1 h6
28. bxc5 Rcd8 29. c6 d3 30. Qxd3 Qxd3 31. exd3 Rxd3 32. c7 Rc8 33. Rb1 Rd7 34.
Rb8 1-0

[Event "29th Czech Rapid G1 2018"]
[Site "Pardubice CZE"]
[Date "2018.07.19"]
[Round "8.63"]
[White "Natarov, Ilya"]
[Black "Joukl, Zdenek"]
[Result "0-1"]
[WhiteElo "2028"]
[BlackElo "2029"]
[WhiteFideId "24198439"]
[BlackFideId "304247"]
[EventDate "2018.07.18"]

1. d4 d5 2. c4 Bf5 3. Qa4+ Nc6 4. Nc3 e6 5. e3 Nf6 6. cxd5 exd5 7. Bb5 Bd7 8.
Qb3 a6 9. Bd3 Na5 10. Qc2 Bd6 11. Nf3 Qe7 12. O-O O-O 13. Bd2 Nc6 14. a3 Bg4 15.
Ng5 h6 16. Nh7 Nxh7 17. Bxh7+ Kh8 18. Nxd5 Qh4 19. g3 Qh5 20. Be4 Rae8 21. Bg2
Bf3 22. Nb4 Bxg2 23. Kxg2 Ne7 24. e4 f5 25. e5 Bxb4 26. axb4 Nd5 27. f3 c6 28.
Ra3 Qf7 29. Re1 Re6 30. Rd3 Qg6 31. Qc5 Rfe8 32. Rb3 h5 33. Qc1 h4 34. Bg5 hxg3
35. hxg3 Kg8 36. Rh1 Rf8 37. Bf4 Kf7 38. Qd2 Ke8 39. Ra3 Kd7 40. Raa1 Kc8 41. b5
cxb5 42. Rac1+ Kb8 43. Rc5 Nxf4+ 44. Qxf4 Rc6 45. e6+ Ka8 46. Rxc6 bxc6 47. Qd6
Rc8 48. Qd7 Qe8 49. Re1 Kb8 50. Qxg7 a5 51. Qe5+ Kb7 52. Qxf5 Rc7 53. Qf6 Re7
54. g4 Kb6 55. g5 Rh7 56. g6 Rh6 57. Qf7 Rxg6+ 58. Kf2 Qxf7 59. exf7 Rf6 60. Re7
a4 61. Ke3 b4 62. f4 a3 63. bxa3 bxa3 64. Re8 Rxf7 65. Ra8 Ra7 66. Rb8+ Ka5 67.
Rb1 Ka4 68. Ke4 a2 69. Ra1 Kb3 70. Ke5 Kb2 71. Rxa2+ Kxa2 72. Kd6 Kb3 73. Kxc6
Kc4 74. d5 Ra6+ 75. Kb7 Rf6 0-1

[Event "29th Czech Rapid G1 2018"]
[Site "Pardubice CZE"]
[Date "2018.07.19"]
[Round "8.64"]
[White "Trost, Edvin"]
[Black "Khmelev, Mikhail"]
[Result "0-1"]
[WhiteElo "1925"]
[BlackElo "1972"]
[WhiteFideId "1729519"]
[BlackFideId "24175641"]
[EventDate "2018.07.18"]

1. e4 c5 2. Nf3 Nc6 3. d4 cxd4 4. Nxd4 e5 5. Nb5 d6 6. c4 Be7 7. N1c3 a6 8. Na3
f5 9. f3 Nf6 10. Bg5 Be6 11. Qd2 fxe4 12. fxe4 O-O 13. h3 Nh5 14. Bxe7 Qxe7 15.
O-O-O Nd4 16. Nc2 Nxc2 17. Kxc2 Ng3 18. Qxd6 Qxd6 19. Rxd6 Nxh1 20. Rxe6 Rxf1 0-1

[Event "29th Czech Rapid G1 2018"]
[Site "Pardubice CZE"]
[Date "2018.07.19"]
[Round "8.65"]
[White "Balazec, Ludovit"]
[Black "Harshini, A"]
[Result "1/2-1/2"]
[BlackTitle "WFM"]
[WhiteElo "1991"]
[BlackElo "2037"]
[WhiteFideId "318078"]
[BlackFideId "25008986"]
[EventDate "2018.07.18"]

1. e4 e5 2. Nf3 Nc6 3. Bb5 a6 4. Ba4 Nge7 5. d4 exd4 6. Nxd4 Nxd4 7. Qxd4 b5 8.
Bb3 Nc6 9. Qd5 Qf6 10. O-O Be7 11. e5 Qf5 12. f4 O-O 13. Nc3 Bb7 14. Qd1 Bc5+
15. Kh1 d6 16. exd6 cxd6 17. Bd5 Rae8 18. a3 Re7 19. Bf3 Nd4 20. Bxb7 Rxb7 21.
Qd3 Qxd3 22. cxd3 Nb3 23. Rb1 Rc8 24. Nd5 f6 25. Re1 Kf7 26. Be3 Bxe3 27. Nxe3
Rc5 28. Rbd1 Nd4 29. g4 Nc2 30. b4 Nxe3 31. Rxe3 Rc3 32. Re4 Rbc7 33. Kg2 Rxa3
34. Rd4 Rc2+ 35. Kg3 Ke6 36. Re1+ Kd7 37. f5 Rd2 38. Re3 Raa2 39. Re6 Rg2+ 40.
Kh3 Rxh2+ 41. Kg3 Rag2+ 42. Kf3 Rf2+ 43. Kg3 Rhg2+ 44. Kh3 Rh2+ 45. Kg3 Rhg2+
46. Kh3 Rh2+ 47. Kg3 Rfg2+ 48. Kf3 Rf2+ 49. Kg3 Kc7 50. Rexd6 Rhg2+ 51. Kh3 Rh2+
52. Kg3 Rhg2+ 53. Kh3 Rh2+ 54. Kg3 Rhg2+ 55. Kh3 1/2-1/2

[Event "29th Czech Rapid G1 2018"]
[Site "Pardubice CZE"]
[Date "2018.07.19"]
[Round "8.67"]
[White "Mlcak, Viktor"]
[Black "Vestfal, Jan"]
[Result "1-0"]
[WhiteElo "1939"]
[BlackElo "1407"]
[WhiteFideId "320064"]
[BlackFideId "23717866"]
[EventDate "2018.07.18"]

1. e4 c5 2. a3 Nc6 3. b4 a6 4. Nf3 e5 5. Bc4 cxb4 6. axb4 Bxb4 7. O-O Nf6 8. c3
Ba5 9. d4 Nxe4 10. d5 Nxc3 11. Nxc3 Bxc3 12. Ra3 Bd4 13. dxc6 dxc6 14. Re1 Qb6
15. Qe2 Bg4 16. Rb3 Qa7 17. Bxf7+ Kxf7 18. Ng5+ Ke8 19. Qxg4 Bxf2+ 20. Kh1 Bxe1
21. Qe6+ Kd8 22. Rd3+ Kc7 23. Rd7+ Kb8 24. Qd6+ 1-0

[Event "29th Czech Rapid G1 2018"]
[Site "Pardubice CZE"]
[Date "2018.07.19"]
[Round "8.68"]
[White "Hajek, Jiri3"]
[Black "Ret, Adam Josef"]
[Result "0-1"]
[WhiteElo "2081"]
[BlackElo "1824"]
[WhiteFideId "317888"]
[BlackFideId "384240"]
[EventDate "2018.07.18"]

1. e4 c5 2. Nc3 d6 3. f4 Nc6 4. Bb5 Bd7 5. Bxc6 Bxc6 6. Nf3 Nf6 7. d3 g6 8. O-O
Bg7 9. Rb1 O-O 10. Qe1 e6 11. f5 a6 12. Qh4 Ne8 13. Bg5 f6 14. Bd2 exf5 15. exf5
Qe7 16. Rbe1 Qd7 17. fxg6 hxg6 18. Qg3 g5 19. Ne4 Bxe4 20. Rxe4 d5 21. Re2 Nd6
22. Rfe1 Rae8 23. Qf2 b6 24. b4 Nb7 25. c4 dxc4 26. dxc4 Rxe2 27. Qxe2 Nd6 28.
Qd3 Rd8 29. bxc5 bxc5 30. Qd5+ Qf7 31. Ba5 Qxd5 32. cxd5 Rd7 33. Rd1 Bf8 34. Kf2
Kf7 35. Kg3 Kg6 36. Ne1 Nc4 37. Bc3 Nd6 38. Kf3 Nb5 39. Ba1 Nc7 40. Rc1 Rxd5 41.
Bc3 Nb5 42. Ba5 Nd4+ 43. Kf2 Ne6 44. Nc2 Nd4 45. Ne3 Rd7 46. Bb6 Ne6 47. Rc2 Nf4
48. Kf3 Ne6 49. Kf2 Bd6 50. Nc4 Bc7 51. a4 Bxb6 52. Nxb6 Rb7 53. a5 Rb8 54. Ke3
Rd8 55. Rb2 Nd4 56. Nc4 Nb5 57. Nb6 Rd6 58. Rc2 Rc6 59. Ke4 Re6+ 60. Kd5 Re5+
61. Kc4 Na3+ 62. Kd3 Nxc2 63. Kxc2 Re2+ 64. Kd3 Rxg2 65. Nd7 Rxh2 66. Nxc5 Ra2
67. Nxa6 Rxa5 68. Nb4 f5 69. Nc6 Ra4 70. Nd4 g4 71. Ne2 Kg5 72. Ke3 f4+ 73. Kf2
Ra2 0-1

[Event "29th Czech Rapid G1 2018"]
[Site "Pardubice CZE"]
[Date "2018.07.19"]
[Round "8.69"]
[White "Haase, Pavel"]
[Black "Alekseev, Mikhail"]
[Result "0-1"]
[WhiteTitle "CM"]
[WhiteElo "1994"]
[BlackElo "1832"]
[WhiteFideId "360392"]
[BlackFideId "34171069"]
[EventDate "2018.07.18"]

1. Nf3 Nf6 2. d4 g6 3. c4 Bg7 4. Nc3 d5 5. Bf4 O-O 6. e3 c5 7. dxc5 Qa5 8. Qd2
dxc4 9. Bxc4 Qxc5 10. Qe2 Nc6 11. O-O Bg4 12. Na4 Qh5 13. Rac1 e5 14. Nc5 exf4
15. Nd3 Bxf3 16. gxf3 fxe3 17. fxe3 Ne5 18. Nxe5 Qxe5 19. f4 Qe7 20. Bd3 Rfe8
21. Rf3 a6 22. Rc4 Rad8 23. e4 b5 24. Rc6 Nxe4 25. Rxa6 Qc5+ 26. Kg2 Ng5 27.
fxg5 Rxe2+ 28. Bxe2 Rd2 29. Ra8+ Bf8 30. Re8 Qc2 31. Kf2 Rxe2+ 32. Rxe2 Bc5+ 33.
Kf1 Qd1+ 34. Re1 Qxf3# 0-1

[Event "29th Czech Rapid G1 2018"]
[Site "Pardubice CZE"]
[Date "2018.07.19"]
[Round "8.70"]
[White "Zdechovsky, Tobias"]
[Black "Tomek, Karel"]
[Result "1/2-1/2"]
[WhiteElo "1675"]
[BlackElo "1785"]
[WhiteFideId "23702036"]
[BlackFideId "347035"]
[EventDate "2018.07.18"]

1. e4 c5 2. Nf3 Nc6 3. d4 cxd4 4. Nxd4 Nf6 5. Nc3 d6 6. Bg5 Bd7 7. Qd2 h6 8.
Bxf6 gxf6 9. f4 Qb6 10. O-O-O Nxd4 11. Qxd4 Qxd4 12. Rxd4 O-O-O 13. Be2 h5 14.
Nd5 Bc6 15. Bf3 e5 16. Rc4 Bh6 17. g3 Bg7 18. Rd1 Kd7 19. Kb1 Bxd5 20. Rxd5 Bf8
21. Rc3 Be7 22. Rcd3 Rc8 23. c3 b6 24. f5 Rc5 25. Rxc5 bxc5 26. h4 Kc6 27. c4
Bd8 28. Kc2 Ba5 29. Be2 Be1 30. a3 Rg8 31. Bxh5 Rxg3 32. Rxg3 Bxg3 33. Bxf7 Bxh4
34. b4 Kb6 35. Kb3 1/2-1/2

[Event "29th Czech Rapid G1 2018"]
[Site "Pardubice CZE"]
[Date "2018.07.19"]
[Round "9.3"]
[White "Movsesian, Sergei"]
[Black "Geller, Jakov"]
[Result "1-0"]
[WhiteTitle "GM"]
[BlackTitle "GM"]
[WhiteElo "2635"]
[BlackElo "2518"]
[WhiteFideId "310204"]
[BlackFideId "4151984"]
[EventDate "2018.07.18"]

1. Nf3 e6 2. g3 b5 3. Bg2 Bb7 4. O-O Nf6 5. d3 c5 6. e4 d6 7. Nbd2 Be7 8. a4 b4
9. Re1 Nc6 10. Nc4 O-O 11. a5 a6 12. e5 Nxe5 13. Nfxe5 Bxg2 14. Kxg2 dxe5 15.
Rxe5 Nd5 16. Qf3 Bf6 17. Re4 Qc7 18. h4 Rad8 19. Bd2 Qc6 20. h5 h6 21. Rae1 Qa4
22. R1e2 Bd4 23. Rg4 Kh8 24. Ne5 Bxe5 25. Rxe5 Qd7 26. Kh2 f6 27. Re1 e5 28. Rc4
Rc8 29. Qe4 Qf7 30. Kg1 Rfd8 31. Qf3 Qd7 32. Ree4 Rc6 33. Rg4 Ne7 34. Be3 Rdc8
35. Rge4 Nf5 36. Qg4 R8c7 37. f4 Nd6 38. Qf3 Nxc4 39. Rxc4 exf4 40. Bxf4 Rc8 41.
b3 Re8 42. Be3 Re5 43. Kg2 Qe8 44. Bf2 Rc7 45. g4 Rc8 46. Kf1 Qe6 47. Kg2 Qd5
48. d4 Qxf3+ 49. Kxf3 Rd5 50. dxc5 f5 51. Rxb4 fxg4+ 52. Rxg4 Rd2 53. Bd4 Rc7
54. c3 Rh2 55. Rg6 Rxh5 56. Rxa6 Re7 57. Rg6 Kh7 58. Rg4 Rh3+ 59. Rg3 Rh1 60. b4
g5 61. b5 Rf1+ 62. Kg2 Rb1 63. b6 Kg6 64. Re3 Rb2+ 65. Kf3 Rf7+ 66. Ke4 g4 67.
c6 h5 68. c7 Rf8 69. a6 1-0

[Event "29th Czech Rapid G1 2018"]
[Site "Pardubice CZE"]
[Date "2018.07.19"]
[Round "9.4"]
[White "Paravyan, David"]
[Black "Harsha, Bharathakoti"]
[Result "0-1"]
[WhiteTitle "GM"]
[BlackTitle "IM"]
[WhiteElo "2638"]
[BlackElo "2465"]
[WhiteFideId "4194985"]
[BlackFideId "5078776"]
[EventDate "2018.07.18"]

1. Nf3 d5 2. d4 Nf6 3. g3 e6 4. Bg2 b5 5. O-O Be7 6. a3 Nbd7 7. Nc3 a6 8. e4
Nxe4 9. Nxe4 dxe4 10. Nd2 f5 11. f3 Nf6 12. c3 e3 13. Nb3 f4 14. gxf4 Nd5 15. f5
Nf4 16. Bxe3 Nxg2 17. Kxg2 O-O 18. Bf4 Rxf5 19. Bg3 Bb7 20. Qe2 Qd7 21. Nd2 Raf8
22. Ne4 Bd5 23. Rf2 Qc6 24. Re1 Bd6 25. Nd2 g5 26. Kg1 Bxg3 27. hxg3 Qd6 28. g4
Rf4 29. Qe5 h6 30. Re3 a5 31. Qxd6 cxd6 32. b3 Rc8 33. Kf1 a4 34. bxa4 bxa4 35.
Ke2 Rf6 36. Kd3 Rb8 37. c4 Bc6 38. Kc2 Kf7 39. Rfe2 Rb7 40. Rc3 Rf4 41. Ne4 Ke7
42. d5 Bd7 43. c5 dxc5 44. Nxc5 Rb6 45. Re5 Rd6 46. dxe6 Bxe6 47. Nb7 Kf6 48.
Rxg5 Bb3+ 49. Kc1 Rd1+ 0-1

[Event "29th Czech Rapid G1 2018"]
[Site "Pardubice CZE"]
[Date "2018.07.19"]
[Round "9.5"]
[White "Sengupta, Deep"]
[Black "Gukesh, D"]
[Result "1/2-1/2"]
[WhiteTitle "GM"]
[BlackTitle "IM"]
[WhiteElo "2565"]
[BlackElo "2433"]
[WhiteFideId "5008352"]
[BlackFideId "46616543"]
[EventDate "2018.07.18"]

1. e4 c6 2. d4 d5 3. Nc3 dxe4 4. Nxe4 Nf6 5. Nxf6+ exf6 6. c3 Bf5 7. Bf4 Bd6 8.
Bxd6 Qxd6 9. Bd3 Bxd3 10. Qxd3 O-O 11. Ne2 Nd7 12. O-O Rfe8 13. Ng3 g6 14. Rfe1
f5 15. Nf1 Nf6 16. Nd2 Qd5 17. Qc4 Rad8 18. Qxd5 Nxd5 19. g3 Nb6 20. Kf1 Kf8 21.
a4 Rxe1+ 22. Kxe1 Re8+ 23. Kf1 a5 24. b3 Nd5 25. Rc1 b6 26. Nc4 f6 27. Nb2 Ke7
28. c4 Nb4 29. Re1+ Kd7 30. Rxe8 Kxe8 31. Ke2 Nc2 32. Kd3 Ne1+ 33. Ke2 Nc2 34.
Kd3 Ne1+ 35. Kc3 Nf3 36. h4 h5 37. Kd3 Ne1+ 38. Kd2 Nf3+ 39. Ke3 Ne1 40. f4 Nc2+
41. Kd3 Nb4+ 42. Kd2 Kd7 43. Nd1 Ke6 44. Nc3 Kd6 45. Nd1 Ke6 46. Ne3 Kd6 47. Kc3
Na2+ 48. Kb2 Nb4 49. Kc3 Na2+ 50. Kd3 Nc1+ 51. Kc2 Ne2 52. Kd3 Nxg3 53. c5+ bxc5
54. Nc4+ Kd5 55. Ne3+ Kd6 56. Nc4+ Kd5 57. Ne3+ Kd6 1/2-1/2

[Event "29th Czech Rapid G1 2018"]
[Site "Pardubice CZE"]
[Date "2018.07.19"]
[Round "9.6"]
[White "Rasik, Vitezslav"]
[Black "Mirzoev, Emil"]
[Result "0-1"]
[WhiteTitle "GM"]
[BlackTitle "IM"]
[WhiteElo "2458"]
[BlackElo "2412"]
[WhiteFideId "300306"]
[BlackFideId "14108640"]
[EventDate "2018.07.18"]

1. e4 c5 2. Nf3 e6 3. g3 b6 4. Bg2 Bb7 5. Qe2 d6 6. O-O Nf6 7. d3 Be7 8. Nbd2
O-O 9. c3 Nc6 10. a3 a5 11. Re1 a4 12. d4 cxd4 13. cxd4 d5 14. e5 Nd7 15. Nf1
Na5 16. Rb1 Nb8 17. h4 Ba6 18. Qd1 Nb3 19. Be3 Nc6 20. N1h2 Nca5 21. Ng4 Qc7 22.
h5 h6 23. Nfh2 Kh8 24. Qf3 Qc2 25. Bf1 Qf5 26. Bxa6 Qxf3 27. Nxf3 Rxa6 28. Ngh2
Rc8 29. Nf1 b5 30. N1d2 Rc2 31. Nxb3 axb3 32. Red1 b4 33. axb4 Bxb4 34. Rd3 Kg8
35. Bd2 Rb6 36. Bxb4 Rxb4 37. Nd2 Kf8 38. Ra1 Rb5 39. Nb1 Nc4 40. Ra8+ Ke7 41.
Ra7+ Ke8 42. Ra8+ Kd7 43. Ra7+ Kc6 44. Nc3 Ra5 45. Rxf7 Nxb2 46. Rdf3 Nc4 47.
Re7 b2 48. Rxe6+ Kd7 49. Rg6 Rxc3 50. Rxg7+ Kc6 51. Rf6+ Kb5 52. Rb7+ Ka4 53.
Kg2 Rb5 54. Ra6+ Kb4 0-1

[Event "29th Czech Rapid G1 2018"]
[Site "Pardubice CZE"]
[Date "2018.07.19"]
[Round "9.7"]
[White "Gallego Alcaraz, Andres Felipe"]
[Black "Potapov, Pavel"]
[Result "1/2-1/2"]
[WhiteTitle "IM"]
[BlackTitle "GM"]
[WhiteElo "2504"]
[BlackElo "2500"]
[WhiteFideId "4402669"]
[BlackFideId "4169786"]
[EventDate "2018.07.18"]

1. d4 f5 2. Nf3 Nf6 3. g3 g6 4. Bg2 Bg7 5. O-O O-O 6. b3 d6 7. Bb2 Ne4 8. Nfd2
Nxd2 9. Nxd2 Nc6 10. Nc4 d5 11. Ne3 Be6 12. c4 dxc4 13. Bxc6 bxc6 14. Nxc4 f4
15. Ne5 Bd5 16. f3 g5 17. Qd2 Qe8 18. e4 fxe3 19. Qxe3 Qh5 20. Rae1 Rf6 21. Bc1
h6 22. Ng4 Re6 23. Qxe6+ Bxe6 24. Rxe6 Rf8 25. Kg2 Kh7 26. Rfe1 Qf7 27. R1e3 h5
28. Nh6 Qe8 29. R3e4 c5 30. dxc5 g4 31. fxg4 Qb5 32. Bf4 Rxf4 33. gxf4 Bxh6 34.
Rxe7+ Kg8 35. g5 Bf8 36. Rxc7 Qd3 37. Re8 Qd2+ 38. Kf3 Qd1+ 39. Kf2 Qd4+ 40. Kf3
Qc3+ 41. Kf2 Qc2+ 42. Kg3 Qd3+ 43. Kf2 Qc2+ 1/2-1/2

[Event "29th Czech Rapid G1 2018"]
[Site "Pardubice CZE"]
[Date "2018.07.19"]
[Round "9.8"]
[White "Vorobiov, Evgeny E."]
[Black "Neuman, Petr"]
[Result "1/2-1/2"]
[WhiteTitle "GM"]
[BlackTitle "GM"]
[WhiteElo "2564"]
[BlackElo "2440"]
[WhiteFideId "4121341"]
[BlackFideId "305243"]
[EventDate "2018.07.18"]

1. d4 d5 2. c4 c6 3. e3 Nf6 4. Bd3 g6 5. Nc3 Bg7 6. Nf3 Bg4 7. h3 Bxf3 8. Qxf3
O-O 9. O-O dxc4 10. Bxc4 Nbd7 11. Rd1 e5 12. d5 e4 13. Nxe4 Nxe4 14. Qxe4 Nb6
15. Bb3 cxd5 16. Bxd5 Nxd5 17. Rxd5 Qb6 18. Rb1 Rad8 19. Rd2 Qa5 20. b4 Qa4 21.
Qc4 Rc8 22. Qb3 Qxb3 23. axb3 Rfd8 24. Rxd8+ Rxd8 25. Bb2 Bxb2 26. Rxb2 Rd1+ 27.
Kh2 Rd5 28. Rc2 Rd3 29. Rc7 b6 30. Rxa7 Rxb3 31. g4 g5 32. Kg3 Rxb4 33. Rb7 Rb1
34. f4 h6 35. f5 b5 36. e4 b4 37. e5 Re1 38. Rb8+ Kh7 39. Rb7 Kg8 40. Rb5 b3 41.
Kf2 Re4 42. Kf3 Re1 43. Kf2 1/2-1/2

[Event "29th Czech Rapid G1 2018"]
[Site "Pardubice CZE"]
[Date "2018.07.19"]
[Round "9.9"]
[White "Gasanov, Eldar"]
[Black "Shkuran, Danylo"]
[Result "1-0"]
[WhiteTitle "GM"]
[BlackTitle "IM"]
[WhiteElo "2475"]
[BlackElo "2381"]
[WhiteFideId "14104466"]
[BlackFideId "14106248"]
[EventDate "2018.07.18"]

1. c4 c6 2. Nf3 Nf6 3. Nc3 d5 4. e3 e6 5. b3 Nbd7 6. d4 Bd6 7. Bb2 Qe7 8. Qc2
O-O 9. Be2 b6 10. O-O Bb7 11. Rad1 Rfd8 12. Rfe1 Bb4 13. Bd3 h6 14. Re2 c5 15.
cxd5 exd5 16. a3 Bxc3 17. Bxc3 Rac8 18. Qb2 c4 19. Bf5 Ne4 20. bxc4 Nxc3 21.
Qxc3 Rxc4 22. Qb2 Nf6 23. Ne5 Rc7 24. Rc1 Rxc1+ 25. Qxc1 g6 26. Rc2 gxf5 27. Rc7
Rc8 28. Rxc8+ Bxc8 29. Qxc8+ Kg7 30. g3 Qxa3 31. Qc7 Qf8 32. Qxa7 b5 33. Qb7 b4
34. Nc6 Ne4 35. Ne7 Nd6 36. Qd7 Qb8 37. Qxd6 1-0